| 000 | 00963cam a22003133a 4500 | ||
|---|---|---|---|
| 001 | 15016199 | ||
| 003 | SISC | ||
| 005 | 20160711090943.0 | ||
| 008 | 060823s2006 nyu 000 1 eng d | ||
| 010 | _a 2007582979 | ||
| 020 |
_a0446616710 (pbk.) : _c$6.99 |
||
| 020 | _a9780446616713 (pbk.) | ||
| 035 | _a(OCoLC)ocm71032964 | ||
| 035 | _a(OCoLC)71032964 | ||
| 040 |
_aOWL _cOWL _dBAKER _dOCO _dBTCTA _dDLC |
||
| 042 | _alccopycat | ||
| 050 |
_aPZ 7 _b.Sa136 2006 |
||
| 100 | 1 | _aSaintcrow, Lilith. | |
| 245 | 1 | 0 |
_aDead man rising / _cLilith Saintcrow. |
| 260 |
_aNew York : _bWarner Books, _c2006. |
||
| 300 |
_axii, 402 pages ; _c18 cm. |
||
| 490 | 0 | _aFantasy/Warner Books | |
| 500 | _a"A Dante Valentine novel" | ||
| 655 | 7 |
_aFantasy fiction. _2gsafd |
|
| 710 | 2 |
_aCopyright Paperback Collection (Library of Congress) _5DLC |
|
| 906 |
_a7 _bcbc _ccopycat _d2 _encip _f20 _gy-genrareb |
||
| 942 |
_2lcc _cBK |
||
| 999 |
_c296228 _d296228 |
||